000
00304nam a22001217a 4500
008
180518b xxu||||| |||| 00| 0 eng d
041
_a
eng
080
_a
043.3
100
_a
0
101
_a
SHKI-BTH
245
_a
Web Application Development using OOSE and MVC Architecture
_c
Halilaj,L
942
_2
udc
_c
BK
999
_c
45928
_d
45928